000 00854ngm a2200193 a 4500
005 20240823063759.0
008 991125s1970 mx 010 aaspa u
035 _aUPN01000004306
049 _aAV
050 4 _aPVI H 0023
245 0 3 _aEl árbol dadivoso.
260 _aMéxico :
_bPelículas Mel,
_c[197?].
300 _a1 videocasete (VHS) (10 min.) :
_bson., col.
520 _a"Había una vez un árbol que amaba a un niño". Así comienza esta tierna historia con matices de tristeza. Una parábola animada para todas las edades que ofrece una interpretación efectiva del mejor de los regalos y una serena aceptación de la capacidad de dar amor
500 _aNúmero que le corresponde en el catálogo de películas Mel: 274
650 4 _aConducta (Psicología)
_94460
650 7 _aMotivación (Psicología)
_2
_95909
905 _aAudiovisuales
999 _c4306
_d4306